00486 2200193 4500001002100000005001500021035002000036008004100056245006000097100002200157250000600179260003600185300001100221084001400232082000800246650001400254990001200268990001200280INLIS00000000000039920240430015917 a0010-0424000375240430 0 ind 1 aSelayang Pandang Kepulauan Riau /cIr. Nugroho Yuamanto aYuamanto, Nugroho a1 aKlaten :bIntan Pariwara,c2009 a60 hlm a900 NUG s a900 4aNon Fiksi a0728637 a0728638